000 00451nam a2200181Ia 4500
001 22673
005 20260414150846.0
008 260414t2006||||xx |||||||||||||| ||spa||
041 _aESP
082 _a621.384
_bK11
100 _aKaaranen, Heikki
_eAUT
245 0 _aRedes UMTS :
_barquitectura, movilidad y servicios
260 _c2006
300 _axx, 561 páginas :
_c23 cm.
650 _aTCA
654 _aCET
942 _cLIB
_dJUS
_fJUS
_2ddc
_n
999 _c22673
_d22673